LEADER 01489nam2-2200469---450- 001 990002793380203316 005 20160916121234.0 035 $a000279338 035 $aUSA01000279338 035 $a(ALEPH)000279338USA01 035 $a000279338 100 $a20060727h1985----km-y0itay0103----ba 101 0 $aita 102 $aIT 105 $aa|||||||001yy 200 1 $a<<1.8.1>>$fredazione di Marina Bertinetti, Lucilla de Lachenal, Beatrice Palma$gtesti di A. Ambrogi...[et al.] 210 $aRoma$cDe Luca$d1985 215 $aXIII, 324 p.$cill.$d25 cm 300 $aIn testa al front.: Ministero per i beni culturali e ambientali, Soprintendenza archeologica di Roma 410 0$12001 454 1$12001 461 1$1001000182226$12001 462 $1001000279320 606 0$aSculture$xCollezioni [del] Museo nazionale romano 676 $a937.007405632 702 $aBERTINETTI,$bMarina 702 1$aPALMA,$bBeatrice 702 1$aDE LACHENAL,$bLucilla 702 1$aAMBROGI,$bAnnarena 710 02$aMuseo Nazionale Romano$0172754 801 0$aIT$bsalbc$gISBD 912 $a990002793380203316 951 $aI MU ROM 11/I.8 a$b599 DBC$cI MU 951 $aXI.5.B. 614 1.8.1$b252841 L.M.$cXI.5.B.$d391033 959 $aBK 969 $aUMA 969 $aDBC 979 $aDBC$b90$c20060727$lUSA01$h1308 979 $aALESSANDRA$b90$c20160916$lUSA01$h1206 979 $aALESSANDRA$b90$c20160916$lUSA01$h1212 996 $a1.8.1$91392900 997 $aUNISA LEADER 05156nam 2200889Ia 450 001 9910807642503321 005 20250714194409.0 010 $a9786613628350 010 $a9781118231852 010 $a1118231856 010 $a9781785393426 010 $a1785393421 010 $a9781280598524 010 $a1280598522 010 $a9781118231821 010 $a1118231821 010 $a9781118231838 010 $a111823183X 010 $a9781118231845 010 $a1118231848 035 $a(CKB)2670000000170083 035 $a(EBL)881734 035 $a(SSID)ssj0000632639 035 $a(PQKBManifestationID)11463189 035 $a(PQKBTitleCode)TC0000632639 035 $a(PQKBWorkID)10609929 035 $a(PQKB)11165801 035 $a(Au-PeEL)EBL881734 035 $a(CaPaEBR)ebr10560617 035 $a(CaONFJC)MIL362835 035 $a(OCoLC)784953183 035 $a(MiAaPQ)EBC881734 035 $a(Perlego)999704 035 $a(EXLCZ)992670000000170083 100 $a20111202d2012 uy 0 101 0 $aeng 135 $aur|n|---||||| 181 $ctxt 182 $cc 183 $acr 200 00$aBiodiversity and pests $ekey issues for sustainable management /$fedited by Geoff M. Gurr, Steve D. Wratten, William E. Snyder ; with Donna M.Y. Read 205 $a1st ed. 210 $aChichester, West Sussex, UK ;$aHoboken, NJ $cJohn Wiley & Sons$d2012 215 $a1 online resource (370 p.) 300 $aDescription based upon print version of record. 311 08$a9780470656860 311 08$a0470656867 320 $aIncludes bibliographical references and index. 327 $aBIODIVERS ITY AND INSECT PESTS; Contents; Preface; Foreword; Contributors; Introduction; Chapter 1: Biodiversity and insect pests; Fundamentals; Chapter 2: The ecology of biodiversity- biocontrol relationships; Chapter 3: The role of generalist predators in terrestrial food webs: lessons for agricultural pest management; Chapter 4: Ecologicale conomics of biodiversity use for pest management; Chapter 5: Soil fertility, biodiversity and pest management; Chapter 6:Plant biodiversity as a resource for natural products for insect pestmanagement 327 $aChapter 7: The ecology and utility of local and landscape scale effects in pest managementMethods; Chapter 8: Scale effects in biodiversity and biological control: methods and statistical analysis; Chapter 9: Pick and mix: selecting flowering plants to meet the requirements of target biological control insects; Chapter 10: The molecular revolution: using polymerase chain reaction Based methods to explore the role of predators in terrestrial food webs; Chapter 11: Employing Chemical Ecology to Understand and Exploit Biodiversity for Pest Management; Application 327 $aChapter 12: Using Decision Theory and Sociological Tools to Facilitate Adoption of Biodiversity-Based Pest Management StrategiesChapter 13: Ecological Engineering Strategies to Manage Insect Pests in Rice; Chapter 14: China's 'Green Plant Protection' Initiative: Coordinated Promotion Of Biodiversity-Related Technologies; Chapter 15: Diversity and Defence: Plant-Herbivore Interactions at Multiple Scales and Trophic Levels; Chapter 16: 'Push-Pull' Revisited: The Process of Successful Deployment of a Chemical Ecology Based Pest Management Tool 327 $aChapter 17: Using native plant species to diversify agricultureChapter 18: Using biodiversity for pest suppression in urban landscapes; Chapter 19: Cover crops and related methods for enhancing agricultural biodiversity and conservation biocontrol: successful case studies; Synthesis; Chapter 20: Conclusion: biodiversity as an asset rather than a burden; Index 330 $aBiodiversity offers great potential for managing insect pests. It provides resistance genes and anti-insect compounds; a huge range of predatory and parasitic natural enemies of pests; and community ecology-level effects operating at the local and landscape scales to check pest build-up. This book brings together world leaders in theoretical, methodological and applied aspects to provide a comprehensive treatment of this fast-moving field. Chapter authors from Europe, Asia, Africa, Australasia and the Americas ensure a truly international scope. Topics range from scientific principles, innov 606 $aAgricultural pests$xControl 606 $aAgrobiodiversity 606 $aBiodiversity 606 $aInsect pests$xControl 606 $aSustainability 606 $aSustainable agriculture 615 0$aAgricultural pests$xControl. 615 0$aAgrobiodiversity. 615 0$aBiodiversity. 615 0$aInsect pests$xControl. 615 0$aSustainability. 615 0$aSustainable agriculture. 676 $a363.7/8 701 $aGurr$b Geoff$01662773 701 $aRead$b Donna M. Y$01662774 701 $aSnyder$b William E.$f1969-$01831702 701 $aWratten$b Stephen D$01662776 801 0$bMiAaPQ 801 1$bMiAaPQ 801 2$bMiAaPQ 906 $aBOOK 912 $a9910807642503321 996 $aBiodiversity and pests$94404527 997 $aUNINA